Lobogónk Burke? - Edmond Burke: Töprengések a francia forradalomról. Atlantisz, 1990.
Elmentve itt :
| Szerző: | |
|---|---|
| Adatforrás: | Philobibl |
| Forrásdokumentuma: | Holmi 4 1992/3., 432-437. p. |
| Dokumentumtípus: | Cikk |
| Nyelv: | magyar |
| Kulcsszavak: | politikai filozófia konzervativizmus |
| LEADER | 00404nab a2200121 c 4500 | ||
|---|---|---|---|
| 001 | bibDOK00004038 | ||
| 005 | 20200924120016.3 | ||
| 008 | 060518s1992 xx hun | ||
| 100 | 1 | |a Ludassy Mária | |
| 245 | 1 | 0 | |a Lobogónk Burke? - Edmond Burke: Töprengések a francia forradalomról. Atlantisz, 1990. |c Ludassy Mária |
| 695 | |a politikai filozófia | ||
| 695 | |a konzervativizmus | ||
| 773 | 0 | |t Holmi 4 |g 1992/3., 432-437. p. | |